Game of Thrones General Knowledge(hard) - Statistics

General Stats
  • This quiz has been taken 228 times
  • The average score is 18 of 30
Answer Stats
Hint Answer % Correct
Which famous singer made a cameo appearance in the opening episode of season 7? Ed Sheeran
86%
What does Ramsay Bolton make Theons name? Reek
84%
What is the name of Robert Barratheons illegitimate son that leaves Kings Landing with Arya? Gendry
82%
Who is the Lord commander of the nights watch from seasons 1-3? Jeor Mormont
81%
Which won of Robb Starks bannerman betrayed him at the red wedding? Roose Bolton
81%
What is Brynden Tully more commonly known as? The Blackfish
81%
What wedding gift does Magister Illyrio give Daenerys? dragon eggs
78%
What does Valar Morghulis mean? all men must die
76%
What is the name of Robb Starks direwolf ? Grey Wind
76%
Who is the onion kinght? Davos Seaworth
72%
What is Oberyn Martell' nickname? The Red Viper
71%
Whose house words are unbowed, unbent, unbroken? House Martell
69%
Someone who can enter the mind of animals is called a what? A Warg
68%
What is the name Arya gives when running away from king's landing? Arry
67%
What is the capital of the Vale of Arryn? The Eyrie
67%
Where does Samwell Tarly go to study to become a Maester? Oldtown
65%
What does Valar Dohaeris mean? all men must serve
61%
Who helps Bran escape Winterfell? Osha
61%
What is the Lannister Song? Rains of Castamere
57%
In Which slave city does Barristan Selmy stop the assassination attempt by a manticore on Daenerys? Astapor
56%
What is the house words of the Baratheons? Ours is the Fury
54%
Thoros of Myr and Beric Dondarrion are founders of which group? Brotherhood without banners
52%
What does Tyrion say he is the God of at his wedding? Tits and wine
51%
Who charged the castle with a flaming sword in the siege of Pyke? Thoros of Myr
49%
What does Khal Drogo call Khaleesi? my sun and stars
43%
What is the name of the largest dragon skull in Kings Landing? Balerion the Black Dread
40%
House Whent has a Bat as its sigil but what is the name of their castle? Harrenhal
32%
Shagga is the leader of the Stone Crows and formed an alliance with Tyrion Lannister. What is the name of Shagga' father? Dolf
31%
What is the name of the butcher's boy Sandor Clegane cuts down after playing swords with Arya? Mycah
30%
what is the name of euron greyjoy's ship? The Silence
23%
No matching quizzes found
Score Distribution
Percent of People with Each Score
Percentile by Number Answered
Your Score History
You have not taken this quiz